Представление документа в формате RUSMARC

ПолеНазваниеЗначение
  Тип записи i
  Библиографический уровень m
001 Контрольный номер bd87cba9e6584fcbbfc3f0dea23b99bb
005 Дата корректировки 20201206205201.9
010 Индекс ISBN __
d Цена 325-00
100 Данные общей обработки __
a Данные общей обработки 19190418d2008||||||| 0rusy0189 ca
101 Язык документа 0_
a Язык текста rus
102 Страна публикации __
a Страна публикации RU
102 Страна публикации __
a Страна публикации RU
105 Кодированные данные (монография) __
a Кодированные данные (монография) |||||||||||zy
127 Кодированные данные (звукозаписи-физические характеристики) __
a Продолжительность проигрывания 022400
200 Заглавие и сведения об ответственности 1_
a Заглавие Хищники
e Сведения, относящиеся к заглавию радиоспектакль из архива Гостелерадиофонда Государственного Академического Малого театра
f Первые сведения об ответственности А. Ф. Писемский ; текст читает Валерий Бабятинский ; постановка режиссера Владимира Бейлиса ; исполнители: Эдуард Марцевич [и др.]
b Общее обозначение материала Звукозапись
210 Выходные данные __
a Место издания Москва
c Издательство Звуковая книга
c Издательство Гостелерадиофонд
d Дата издания 2008
215 Физическое описание __
a Объем 1 электрон. опт. диск (CD-DA)
c Иллюстрации/тип воспроизводства mp3
d Формат 12 см
225 Серия __
a Серия Из архива Гостелерадиофонда
225 Серия __
a Серия Звуковая книга
230 Специфическая характеристика материала: электронные ресурсы __
a Обозначение и объем ресурса Электронные звуковые данные
300 Общие примечания __
a Общие примечания Заглавие с этикетки диска
330 Аннотация __
a Аннотация История о том, что "в России все делается по протекции", и какие это имеет последствия, перешагнула столетие и предстала перед нами в виртуозном исполнении артистов Малого Театра, не утратив своей актуальности и остроты. Из-под грима комедии сценического масштаба отчетливо просвечивают черты общенациональной трагедии.
606 Тематические рубрики __
a Основная рубрика Музыка и зрелищные искусства
606 Тематические рубрики __
a Основная рубрика Художественное радиовещание
606 Тематические рубрики __
a Основная рубрика Художественная литература
606 Тематические рубрики __
a Основная рубрика Русская литература XIX в. (произведения)
610 Ключевые слова __
a Ключевые слова радиоспектакли
610 Ключевые слова __
a Ключевые слова классическая литература
610 Ключевые слова __
a Ключевые слова русская классическая литература
610 Ключевые слова __
a Ключевые слова тема любви
610 Ключевые слова __
a Ключевые слова тема предательства
610 Ключевые слова __
a Ключевые слова тема женщины
610 Ключевые слова __
a Ключевые слова пьесы
686 Индексы других классификаций __
2 Код системы rubbks
a Классификационный индекс 85.381.3(2)-7я04
686 Индексы других классификаций __
2 Код системы rubbks
a Классификационный индекс 84(2=411.2)52-6я04
700 Автор _1
a Фамилия Писемский
b Имя А. Ф.
f Даты 1821-1881
g Полное личное имя Алексей Феофилактович
4 Код отношения 070
701 Альтернативная интеллектуальная ответственность _1
a Фамилия Кудинович
b Имя А. С.
f Даты 1951-
g Полное личное имя Алексей Сергеевич
702 Вторичная интеллектуальная ответственность _1
a Фамилия Бабятинский
b Имя В. К.
4 Код отношения Прочие
f Даты 1942-
g Полное личное имя Валерий Константинович
4 Код отношения 570
702 Вторичная интеллектуальная ответственность _1
a Фамилия Бейлис
b Имя В. М.
4 Код отношения Режиссер
f Даты 1937-
g Полное личное имя Владимир Михайлович
4 Код отношения 070
702 Вторичная интеллектуальная ответственность _1
a Фамилия Марцевич
b Имя Э. Е.
4 Код отношения Прочие
g Полное личное имя Эдуард Евгеньевич
4 Код отношения 570
702 Вторичная интеллектуальная ответственность _1
a Фамилия Носик
b Имя В. Б.
4 Код отношения Прочие
g Полное личное имя Валерий Бенедиктович
4 Код отношения 570
702 Вторичная интеллектуальная ответственность _1
a Фамилия Верещенко
b Имя Н. А.
4 Код отношения Прочие
f Даты 1944-2004
g Полное личное имя Николай Алексеевич
4 Код отношения 570
702 Вторичная интеллектуальная ответственность _1
a Фамилия Аманова
b Имя С. Г.
4 Код отношения Прочие
f Даты 1961-
g Полное личное имя Светлана Геннадиевна
4 Код отношения 570
702 Вторичная интеллектуальная ответственность _1
a Фамилия Барышев
b Имя Я. П.
4 Код отношения Прочие
g Полное личное имя Ярослав Павлович
4 Код отношения 570
702 Вторичная интеллектуальная ответственность _1
a Фамилия Юдина
b Имя Л. В.
4 Код отношения Прочие
g Полное личное имя Лилия Витальевна
4 Код отношения 570
702 Вторичная интеллектуальная ответственность _1
a Фамилия Бурыгина
b Имя Ю. И.
4 Код отношения Прочие
g Полное личное имя Юлия Ивановна
4 Код отношения 570
702 Вторичная интеллектуальная ответственность _1
a Фамилия Харченко
b Имя С. В.
4 Код отношения Прочие
f Даты 1923-1995
g Полное личное имя Сергей Васильевич
4 Код отношения 570
702 Вторичная интеллектуальная ответственность _1
a Фамилия Клюев
b Имя Б. В.
4 Код отношения Прочие
f Даты 1944-
g Полное личное имя Борис Владимирович
4 Код отношения 570
702 Вторичная интеллектуальная ответственность _1
a Фамилия Аникеева
b Имя Л. С.
4 Код отношения Прочие
f Даты 1945-
g Полное личное имя Любовь Серафимовна
4 Код отношения 570
711 Наименование организации. (Альтернативная ответственность) __
a Организация/ юрисдикция Государственный Академический Малый театр России
801 Источник записи _0
a Страна RU
b Организация ГПНТБ России
c Дата составления 20190418
g Правила каталогизации PSBO
801 Источник записи _2
a Страна RU
b Организация Муниципальное бюджетное учреждение культуры "Централизованная библиотечная система" г. Сургут (Центральная городская библиотека им. А. С. Пушкина)
c Дата составления 20190418
852 Данные о местонахождении __
j Шифр хранения 85.381.3(2)-7я04
i Авторский знак П 34
901 Тип документа __
a Ответственный КиК/Мамарузиева
t Тип документа 0
903 Характеристики (МАРС) __
a Дата передачи 20190419
969 Тип издания __
a Тип издания аудиоспектакль
a Тип издания издание для слепых
990 Данные о заказе (DOS) __
j Количество экземпляров (DOS) 2
t N записи в КСУ для И/У (DOS) 201905